<?xml version="1.0" encoding="UTF-8"?><?xml-stylesheet type="text/xsl" href="static/style.xsl"?><OAI-PMH xmlns="http://www.openarchives.org/OAI/2.0/" xmlns:xsi="http://www.w3.org/2001/XMLSchema-instance" xsi:schemaLocation="http://www.openarchives.org/OAI/2.0/ http://www.openarchives.org/OAI/2.0/OAI-PMH.xsd"><responseDate>2026-04-13T04:55:44Z</responseDate><request verb="GetRecord" identifier="oai:www.recercat.cat:2117/166803" metadataPrefix="marc">https://recercat.cat/oai/request</request><GetRecord><record><header><identifier>oai:recercat.cat:2117/166803</identifier><datestamp>2025-07-22T16:03:57Z</datestamp><setSpec>com_2072_1033</setSpec><setSpec>col_2072_452951</setSpec></header><metadata><record xmlns="http://www.loc.gov/MARC21/slim" xmlns:dcterms="http://purl.org/dc/terms/" xmlns:xsi="http://www.w3.org/2001/XMLSchema-instance" xmlns:doc="http://www.lyncode.com/xoai" xsi:schemaLocation="http://www.loc.gov/MARC21/slim http://www.loc.gov/standards/marcxml/schema/MARC21slim.xsd">
   <leader>00925njm 22002777a 4500</leader>
   <datafield ind2=" " ind1=" " tag="042">
      <subfield code="a">dc</subfield>
   </datafield>
   <datafield ind2=" " ind1=" " tag="720">
      <subfield code="a">Fuentes Galera, Silvia</subfield>
      <subfield code="e">author</subfield>
   </datafield>
   <datafield ind2=" " ind1=" " tag="260">
      <subfield code="c">2004-07</subfield>
   </datafield>
   <datafield ind2=" " ind1=" " tag="520">
      <subfield code="a">La instalación que se realiza en este proyecto es la modalidad de alojamiento turístico denominado residencia –casa de payés-., destinada a poder dar alojamiento durante un periodo de tiempo a familias que buscan tranquilidad, y tener un contacto con la naturaleza, salir de lo cotidiano de la ciudad.&#xd;
&#xd;
El programa de la edificación según este proyecto de rehabilitación, es el siguiente. En la planta baja nos encontramos con una sala de descanso, una sala de lectura, el comedor colectivo, la cocina, una habitación de minusválido y la habitación de los masoveros de la masía.&#xd;
En la planta primera accedemos por la escalera de la sala, y nos encontramos con un vestíbulo, y 6 habitaciones dobles con baño.&#xd;
En el exterior vemos una tienda  de los masoveros, y una sala de maquinas.&#xd;
&#xd;
En la parte exterior se construirá un nuevo corral para uso personal, el existente como se aprecia la fotografía se derribará por el mal estado que presenta. Además también  se marcaran zona de aparcamientos tanto de coches, bicicletas o motos. &#xd;
Hay una zona destinada para los más pequeño donde se han ubicado unos columpios, toboganes y otros aparatos para la diversión infantil.</subfield>
   </datafield>
   <datafield tag="653" ind2=" " ind1=" ">
      <subfield code="a">Àrees temàtiques de la UPC::Edificació::Rehabilitació d'edificis</subfield>
   </datafield>
   <datafield tag="653" ind2=" " ind1=" ">
      <subfield code="a">Buildings -- Repair and reconstruction</subfield>
   </datafield>
   <datafield tag="653" ind2=" " ind1=" ">
      <subfield code="a">Buildings -- Remodeling for other use</subfield>
   </datafield>
   <datafield tag="653" ind2=" " ind1=" ">
      <subfield code="a">Farmhouses</subfield>
   </datafield>
   <datafield tag="653" ind2=" " ind1=" ">
      <subfield code="a">Masos, masies, etc. -- Conservació i restauració</subfield>
   </datafield>
   <datafield tag="653" ind2=" " ind1=" ">
      <subfield code="a">Reconversió d'edificis</subfield>
   </datafield>
   <datafield tag="653" ind2=" " ind1=" ">
      <subfield code="a">Residències casa de pagès</subfield>
   </datafield>
   <datafield tag="653" ind2=" " ind1=" ">
      <subfield code="a">Masos, masies, etc. -- Conversió -- Catalunya -- Mataró</subfield>
   </datafield>
   <datafield tag="653" ind2=" " ind1=" ">
      <subfield code="a">Can Soler (Mataró, Catalunya)</subfield>
   </datafield>
   <datafield ind2="0" ind1="0" tag="245">
      <subfield code="a">Proyecto de rehabilitación Masía Can Soler, cambio de uso masía rural</subfield>
   </datafield>
</record></metadata></record></GetRecord></OAI-PMH>